000 00779nam a22002057a 4500
999 _c2842
_d2842
003 AR-CdUCM
008 190305b ||||| |||| 00| 0 spa d
040 _aMUNICIPALIDAD PROVINCIAL DEL CUSCO
_cBIBLIOTECA MUNICIPAL DEL CUSCO
082 _a985.001 /
_bG22
100 _aGarcia Salvattecci, Hugo
_93689
245 _aSorel y Mariátegui /
260 _aLima :
_bUniverso,
300 _a276 paginas ;
_c20 cm.
505 _aIntroducción al estudio de Sorel y Mariátegui -- Concepción histórica de Sorel y su proyección en Mariátegui -- La descomposición del Marxismo, el anarquismo y el APRA -- Mito y revolución ...
650 _aSorel , Georges
_99861
650 _aMariátegui, José Carlos
_99862
650 _aAprismo
_96880
942 _2ddc
_cLIBROS
945 _aacv